|
|
|
|
| LEADER |
02127nam a2200337 a 4500 |
| 001 |
0020116 |
| 003 |
BD-DhAAL |
| 008 |
100420r2004 maua b 001 0 eng d |
| 010 |
|
|
|a \\2003015298
|
| 020 |
|
|
|a 0201770253
|
| 020 |
|
|
|a 8129703475
|
| 040 |
|
|
|a DLC
|c DLC
|d DLC
|d BD-DhAAL
|
| 082 |
0 |
0 |
|a 340.11
|2 22
|
| 100 |
1 |
|
|a Cooter, Robert.
|9 59009
|
| 245 |
1 |
0 |
|a Law and economics /
|c Robert Cooter, Thomas Ulen.
|
| 246 |
1 |
4 |
|a Law & economics
|
| 250 |
|
|
|a 4th ed.
|
| 260 |
|
|
|a Boston ;
|a New Delhi :
|b Pearson Addison Wesley,
|c c2004 [reprinted].
|
| 300 |
|
|
|a xi, 533 p. :
|b ill., ;
|c 24 cm.
|
| 490 |
|
4 |
|a The Addison-Wesley series in economics
|
| 504 |
|
|
|a Includes bibliographical references and indexes.
|
| 505 |
0 |
|
|a An introduction to law and economics -- A review of microeconomic theory -- An introduction to law and legal institutions -- An economic theory of property -- Topics in the economics of property law -- An economic theory of contract -- Topics in the economics of contract law -- An economic theory of tort law -- Topics in the economics of tort liability -- An economic theory of the legal process -- An economic theory of crime and punishment -- Topics in the economics of crime and punishment.
|
| 526 |
|
|
|a SOL
|x K. Shamsuddin Mahmood
Professor and Dean
School of Law
BRAC University
|
| 541 |
1 |
|
|e 0020116, 0020117
|a Anupam Gyan Bhandar
|
| 650 |
|
0 |
|a Law and economics.
|9 7562
|
| 700 |
1 |
|
|a Ulen, Thomas.
|9 59010
|
| 852 |
4 |
|
|a Ayesha Abed Library
|c General Stacks
|
| 942 |
|
|
|2 ddc
|c BK
|
| 999 |
|
|
|c 8165
|d 8165
|
| 952 |
|
|
|0 0
|1 0
|2 ddc
|4 0
|6 340_110000000000000_COO_2004
|7 0
|9 9316
|a BRACUL
|b BRACUL
|c GEN
|d 2010-04-20
|e Anupam Gyan Bhandar
|g 990.00
|l 2
|m 1
|o 340.11 COO
|p 3010020117
|r 2025-12-03
|s 2025-11-24
|t 2
|v 1980.00
|w 2010-04-20
|y BK
|x Requisitioned by K. Shamsuddin Mahmood, Professor and Dean, School of Law, BRAC University
|
| 952 |
|
|
|0 0
|1 0
|2 ddc
|4 0
|6 340_110000000000000_COO_2004
|7 0
|9 9317
|a BRACUL
|b BRACUL
|c GEN
|d 2010-04-20
|e Anupam Gyan Bhandar
|g 990.00
|l 5
|m 61
|o 340.11 COO
|p 3010020116
|r 2026-03-03
|s 2025-10-14
|t 1
|v 1980.00
|w 2010-04-20
|y BK
|x Requisitioned by K. Shamsuddin Mahmood, Professor and Dean, School of Law, BRAC University
|